| 000 | 00365nam a22001457a 4500 | ||
|---|---|---|---|
| 008 | 210310b ||||| |||| 00| 0 eng d | ||
| 020 | _a9780534099787 | ||
| 041 | _aeng | ||
| 080 |
_23rd _a159.9 |
||
| 082 | _a159.9 | ||
| 100 | _a48 | ||
| 101 | _aPSI | ||
| 245 |
_aPrinciples of Educational and Psychological Measurement and Evaluation _cSax,G |
||
| 942 |
_2udc _cBK |
||
| 999 |
_c56160 _d56160 |
||